Xarxa Local de SAD : informe de Presidència : Consell general de la Xarxa Local de SAD : 4 d'abril de 2005 informe de Presidència :
Descripción Física:
16 p. : quadres ; 30 cm
MARC
| LEADER | 00000nam a2200000Ia 4500 | ||
|---|---|---|---|
| 001 | 21295 | ||
| 008 | 160829s2005 xx 000 0 cat d | ||
| 080 | |a FU-36-23 | ||
| 245 | |a Xarxa Local de SAD : |b informe de Presidència : |b Consell general de la Xarxa Local de SAD : |b 4 d'abril de 2005 | ||
| 260 | |a Barcelona : |b Diputació de Barcelona. Àrea de Benestar Social, |c 2005 | ||
| 300 | |a 16 p. : |b quadres ; |c 30 cm | ||
| 610 | 1 | 0 | |a Barcelona (Catalunya : Província). |b Xarxa Local de Serveis Socials d'Atenció Domiciliària |9 52962 |
| 650 | 0 | |a Atenció domiciliària |z Barcelona (Catalunya : Província) |9 43156 | |
| 710 | 1 | |a Barcelona (Catalunya : Província). |b Xarxa Local de Serveis Socials d'Atenció Domiciliària |9 52962 | |
| 901 | |a Arxiu | ||
| 942 | |n 1 | ||
| 952 | |0 0 |1 0 |4 0 |6 FU3623 |7 1 |9 52461 |a Arxiu |b Arxiu |d 2016-12-01 |l 0 |o FU-36-23 |p 21295 |r 2016-12-01 00:00:00 |w 2016-12-01 |y ARXIU | ||
| 999 | |c 56309 |d 56309 | ||